[Event "Muensterland Verbandsklasse 1819"]
[Site "Germany"]
[Date "2018.10.06"]
[Round "2.7"]
[White "Fuhrmann, Andreas"]
[Black "Hofene, Werner"]
[Result "1-0"]
[WhiteElo "1617"]
[BlackElo "1746"]
[PlyCount "53"]
[EventDate "2018.09.15"]
[EventType "team-tourn"]
[EventRounds "9"]
[EventCountry "GER"]
[SourceTitle "EXT 2020"]
[Source "ChessBase"]
[SourceDate "2019.10.17"]
[SourceVersion "1"]
[SourceVersionDate "2019.10.17"]
[SourceQuality "1"]
[WhiteTeam "Emsdetten Rochade III"]
[BlackTeam "Beelen II"]
[WhiteTeamCountry "GER"]
[BlackTeamCountry "GER"]

1. Nf3 Nf6 2. c4 g6 3. g3 Bg7 4. Bg2 0-0 5. d4 d6 6. 0-0 Nbd7 7. Nc3 e5 8. h3 Re8 9. e4 exd4 10. Nxd4 Nc5 11. Re1 Ne6 12. Be3 Nd7 13. Nxe6 Rxe6 14. Bd4 Bxd4 15. Qxd4 Ne5 16. b3 g5 17. Rad1 Bd7 18. Qe3 Kg7 19. f4 gxf4 20. gxf4 Nc6 21. Nd5 f5 22. Qc3+ Kf7 23. exf5 Rxe1+ 24. Rxe1 Bxf5 25. Nxc7 Qxc7 26. Bd5+ Kg6 27. Qg3+ 1-0

[Event "Muensterland Verbandsklasse-B 1213"]
[Site "Germany"]
[Date "2012.10.20"]
[Round "2.7"]
[White "Hofene, Werner"]
[Black "Stephan, Matthias"]
[Result "1-0"]
[WhiteElo "1668"]
[BlackElo "1649"]
[PlyCount "67"]
[EventDate "2012.09.15"]
[EventType "team-tourn"]
[EventRounds "9"]
[EventCountry "GER"]
[SourceTitle "EXT 2015"]
[Source "ChessBase"]
[SourceDate "2014.11.20"]
[SourceVersion "1"]
[SourceVersionDate "2014.11.20"]
[SourceQuality "1"]
[WhiteTeam "Beelen"]
[BlackTeam "Telgte"]
[WhiteTeamCountry "GER"]
[BlackTeamCountry "GER"]

1. Nf3 e6 2. b3 d5 3. Bb2 Nf6 4. e3 c5 5. Ne5 a6 6. f4 Nc6 7. Nxc6 bxc6 8. Bd3 d4 9. e4 Be7 10. 0-0 a5 11. Qe2 Qb6 12. Na3 Ba6 13. Nc4 Bxc4 14. Bxc4 a4 15. Qf3 a3 16. Bc1 0-0 17. g4 Qc7 18. d3 Nd7 19. g5 Nb6 20. Qh5 Nxc4 21. dxc4 g6 22. Qh6 f6 23. f5 exf5 24. exf5 fxg5 25. Bxg5 Rf7 26. fxg6 Rg7 27. Rf7 Qe5 28. Rxg7+ Qxg7 29. gxh7+ Qxh7 30. Qxh7+ Kxh7 31. Bxe7 Re8 32. Bxc5 Re2 33. Bxd4 Rxc2 34. Bc5 1-0